[Event "Israel Championship 2021"]
[Site "Haifa"]
[Date "2021.03.08"]
[Round "2.3"]
[White "Gorshtein, Ido"]
[Black "Mikhalevski, Victor"]
[Result "1/2-1/2"]
[WhiteElo "2387"]
[BlackElo "2552"]
[Annotator "TA"]
[PlyCount "67"]
[EventDate "2021.01.10"]
[EventType "swiss"]
[EventCountry "ISR"]
[SourceTitle "playchess.com"]
[Source "ChessBase"]
[SourceQuality "1"]

{[%evp 13,67,9,33,37,23,13,13,16,4,18,8,0,0,0,0,0,2,5,18,-16,0,0,0,0,17,0,0,0,0,2,4,0,0,0,0,0,0,0,0,0,0,0,0,0,0,0,0,0,0,0,0,0,0,0,0,0]} 1. c4 Nf6 2. Nf3 e6 3. g3 d5 4. Bg2 dxc4 5. Qa4+ Nbd7 6. Qxc4 a6 7. Qc2 Rb8 8. d4 {A13: English Opening: 1...e6.} b5 9. a4 Bb7 {The position is equal.} 10. axb5 axb5 11. O-O c5 12. Nc3 b4 13. Na4 {[%cal Ra4c5]} Be4 {[#]} 14. Qd1 $146 ({Predecessor:} 14. Qc4 Bd5 15. Qc2 c4 16. Ne5 Bxg2 17. Kxg2 Nxe5 18. dxe5 {1-0 (48) Zvolanek,L (2245)-Theissl Pokorna,R (2347) Czechia 2003}) 14... c4 15. Bg5 Be7 16. Bxf6 Bxf6 17. Nd2 Bxg2 18. Kxg2 Bxd4 19. Nxc4 Ne5 20. Nxe5 Bxe5 21. Qxd8+ Rxd8 22. Rac1 O-O 23. b3 Rd2 24. Kf3 Rfd8 25. Rc4 Bd6 26. Rb1 g5 27. Nc5 Bxc5 28. Rxc5 $11 {[%mdl 4096] Endgame KRR-KRR} h6 29. Rb5 Rc8 30. Rxb4 Rc3+ $1 31. e3 Rcc2 32. Rf1 Rb2 33. h4 Kg7 34. hxg5 {Weighted Error Value: White=0.02/Black=0.01} 1/2-1/2

[Event "Israel Championship 2021"]
[Site "Haifa"]
[Date "2021.03.08"]
[Round "2.4"]
[White "Tzidkiya, Yeshaayahu"]
[Black "Rechlis, Gad"]
[Result "1-0"]
[WhiteElo "2380"]
[BlackElo "2513"]
[Annotator "TA"]
[PlyCount "115"]
[EventDate "2021.01.10"]
[EventType "swiss"]
[EventCountry "ISR"]
[SourceTitle "playchess.com"]
[Source "ChessBase"]
[SourceQuality "1"]

{[%evp 9,115,11,34,7,25,-18,0,0,0,-12,0,-45,-17,-39,-40,-39,-35,-114,-103,-54,-15,-40,-10,-56,-55,-40,-65,-55,-63,-107,-83,-110,-58,-105,-91,-83,-79,-105,-94,-99,-75,-116,-87,-99,-83,-83,-91,-85,-90,-90,-85,-791,-148,-154,-149,-147,-142,-188,-185,-173,-40,-77,-62,-70,-58,-108,0,-72,-73,-154,-37,-49,-42,-38,0,0,0,0,30,0,0,0,320,243,663,664,654,653,647,647,29961,29963,5114,5113,5113,5099,29965,29968,29968,29969,29990,4952,4951,4947,29988,29989,29998,29999]} 1. e4 c5 2. Nf3 Nc6 3. Nc3 e6 4. d4 cxd4 5. Nxd4 Qc7 6. g4 {B47: Sicilian: Taimanov: 5 Nc3 Qc7 6 f4, 6 g3 and 6 Be2.} a6 7. h4 b5 8. Nxc6 {The position is equal.} Qxc6 9. Bg2 Bb7 10. O-O {[#]} Bc5 $146 ({Predecessor:} 10... b4 11. Ne2 Nf6 12. Ng3 Bd6 13. Re1 Bxg3 14. fxg3 d5 15. Qd4 Qc4 16. Qxc4 dxc4 {1-0 (68) Tari,A (2593)-Pogosyan,S (2312) Stockholm 2017}) 11. Re1 Ne7 12. h5 O-O 13. h6 {[#]} (13. Be3 $15) 13... f5 $1 $17 14. Be3 d6 15. gxf5 {aiming for Qg4!} Nxf5 16. Qg4 {Strongly threatening Bxc5.} Bxe3 17. Rxe3 Nxh6 18. Qxe6+ Kh8 19. a3 Rf6 20. Qh3 Qc5 (20... Raf8 $17 21. Rf1 Qc5) 21. Rf1 Raf8 22. b4 Qe5 23. Nd5 Bxd5 24. exd5 Qd4 25. Rd3 Qb2 26. Rc3 Ng4 {[%cal Rg4f2]} 27. Rf3 {[#]} Rxf3 $1 28. Bxf3 Nh6 29. Be4 Qe5 30. Qe6 $2 {[%mdl 8192]} (30. Re1 $17) 30... Qg5+ $2 (30... Qf4 $19 {Threatens to win with ...Ng4.} 31. Qh3 Qxe4 {[%mdl 64] Double Attack}) 31. Bg2 Nf5 32. f4 Qg4 33. Rf3 h6 34. Rf2 Rf6 ({Better is} 34... Qd1+ $19 35. Kh2 Qd4) 35. Qe8+ Kh7 36. Qe2 Qh4 37. Qe4 Qg4 38. Qe2 $1 {[%cal Re2g4]} Qg6 39. Qe4 (39. c4 $142) 39... Kh8 (39... Nh4 $17 40. Kf1 Nxg2 41. Qxg2 Qf5) 40. c4 $1 $15 bxc4 41. Qxc4 Nh4 42. Qxa6 Qb1+ 43. Kh2 Qc1 44. Qe2 (44. Be4 $5 {[%cal Ra6a8]} Ng6 45. Rf1 Qb2+ 46. Kh1 $14) 44... Rg6 45. f5 Rf6 $2 {[%mdl 8192]} (45... Rg5 $11 {and Black is okay.}) 46. Qg4 $18 g5 (46... Nxg2 47. Rxg2 Rf7) 47. Qd4 Kg7 48. b5 {[%cal Bb4b5,Bb5b6,Bb6b7][%mdl 32]} Qxa3 49. b6 {And now b7 would win.} Qc5 50. Qxc5 dxc5 {[%mdl 4096] Endgame KRB-KRN} 51. b7 Rf8 52. f6+ Kf7 53. Bh3 Rb8 54. Be6+ Kf8 55. Bc8 (55. Ra2 $142 Nf3+ 56. Kg2 Ne5 57. Ra8 Nd7 58. Bxd7 Kf7 59. Rxb8 Kxf6 60. Re8) 55... Ng6 56. Ra2 {White wants to mate with Be6.} Ne5 57. Ra8 Rxb7 58. Be6+ {White used his chance.  Weighted Error Value: White=0.30/Black=0.82} 1-0

[Event "Israel Championship 2021"]
[Site "Haifa"]
[Date "2021.03.08"]
[Round "2.5"]
[White "Kupervaser, Erez"]
[Black "Kobo, Ori"]
[Result "0-1"]
[WhiteElo "2371"]
[BlackElo "2460"]
[Annotator "TA"]
[PlyCount "78"]
[EventDate "2021.01.10"]
[EventType "swiss"]
[EventCountry "ISR"]
[SourceTitle "playchess.com"]
[Source "ChessBase"]
[SourceQuality "1"]

{[%evp 11,78,5,8,0,0,0,0,0,0,-4,8,0,13,0,31,16,39,16,20,13,35,43,31,0,0,0,0,0,0,-40,-42,-44,-49,-42,-52,-45,-52,-106,-92,-112,-103,-217,-218,-270,-276,-392,-392,-385,-381,-539,-536,-478,-518,-504,-493,-556,-503,-504,-475,-494,-484,-671,-635,-904,-910,-29985,-29985,-29989,-29990]} 1. e4 e5 2. d4 exd4 3. Nf3 Nc6 4. Nxd4 Qf6 5. Nxc6 Bc5 6. Qf3 bxc6 7. Nd2 {C45: Scotch Game.} (7. Nc3 {seems wilder.} Bd4 8. Bc4 Rb8 9. Ne2 Qxf3 10. gxf3 Bf6 11. Nf4) 7... d6 8. Nb3 Bb6 9. Bd2 {The position is equal. has lost popularity (9.a4).} Qxf3 10. gxf3 Ne7 11. a4 {aiming for a5.} a5 12. Rg1 Rg8 {[#]} 13. h4 $146 ({Predecessor:} 13. Be3 c5 14. e5 Be6 15. exd6 cxd6 16. Bb5+ Bd7 17. O-O-O Bxb5 18. axb5 a4 19. Nd2 {½-½ (42) Hlozek,D (2037)-Vorisek,J (2279) Plzen 2020}) 13... f5 14. h5 fxe4 15. fxe4 Rf8 16. O-O-O g6 17. hxg6 Nxg6 18. Be3 Bxe3+ 19. fxe3 Bd7 20. Rh1 Bg4 21. Rd2 Ne5 22. Be2 h5 23. Nd4 O-O-O 24. c3 {Black keeps a firm grip on the game.} (24. Nb3 $15) 24... c5 25. Nf5 Kb8 26. Ne7 {[#]} (26. Bd1 $17 {was necessary.}) 26... Rde8 $1 $19 {[%cal Re8e7]} 27. Nd5 {[#]} Nf3 $1 {[%cal Rf3d2]} 28. Bb5 (28. Bxf3 $142 Rxf3 29. Rhh2) 28... c6 (28... Nxd2 $2 29. Bxe8 Nb3+ 30. Kc2 $19) 29. Bxc6 Rc8 ({Less strong is} 29... Nxd2 30. Bxe8 Nb3+ 31. Kc2 $17) 30. Bb5 (30. Bd7 $142 Bxd7 31. Nb6) 30... Nxd2 31. Kxd2 Rf2+ 32. Kc1 Bf3 33. Rg1 Rg2 34. Rf1 Bxe4 35. Nf6 Bg6 36. e4 h4 37. Rd1 h3 38. Rxd6 h2 39. Rb6+ Ka7 {Weighted Error Value: White=0.62/Black=0.05} 0-1

[Event "Israel Championship 2021"]
[Site "Haifa"]
[Date "2021.03.08"]
[Round "2.6"]
[White "Boruchovsky, Avital"]
[Black "Efroimski, Marsel"]
[Result "1/2-1/2"]
[WhiteElo "2541"]
[BlackElo "2357"]
[Annotator "TA"]
[PlyCount "49"]
[EventDate "2021.01.10"]
[EventType "swiss"]
[EventCountry "ISR"]
[SourceTitle "playchess.com"]
[Source "ChessBase"]
[SourceQuality "1"]

{[%evp 14,49,6,8,11,3,17,0,5,-18,-6,-8,-9,-9,14,-35,-36,-41,-25,-33,-33,-41,2,0,31,22,27,30,29,0,0,0,0,0,0,0,0,0]} 1. Nf3 d5 2. g3 Nf6 3. Bg2 c6 4. O-O h6 5. d4 Bf5 6. c4 e6 7. Nc3 Be7 8. b3 O-O {D11: Slav Defence: 3 Nf3 sidelines and 3...Nf6 4 e3 Bg4.} 9. Bb2 a5 10. Ne5 Nbd7 {[#]} 11. h3 $146 ({Predecessor:} 11. Re1 Bh7 12. e3 Nxe5 13. dxe5 Nd7 14. cxd5 cxd5 15. e4 Nxe5 16. Nxd5 exd5 17. Bxe5 Bb4 18. Re3 dxe4 19. Bxe4 Bxe4 20. Rxe4 Qxd1+ 21. Rxd1 {½-½ (38) Antal,G (2524)-Sipos,I (2491) Hungary 2014}) 11... Nxe5 12. dxe5 Nd7 13. cxd5 cxd5 14. Nb5 a4 15. bxa4 Nb6 16. Bd4 Nxa4 17. Rc1 Qd7 18. Qb3 Ra5 19. Nd6 Bxd6 20. exd6 Qxd6 21. Qxb7 (21. g4 $5 {[%cal Rg4f5]} Be4 22. Qxb7 $11) 21... e5 {The position is equal.} 22. Rc6 Qd7 23. Rc7 Qd6 24. Rc6 Qd7 25. Rc7 {Weighted Error Value: White=0.09/Black=0.09} 1/2-1/2

[Event "Israel Championship 2021"]
[Site "Haifa"]
[Date "2021.03.08"]
[Round "2.7"]
[White "Gorodetsky, David"]
[Black "Ben Artzi, Ido"]
[Result "1-0"]
[WhiteElo "2495"]
[BlackElo "2368"]
[Annotator "TA"]
[PlyCount "49"]
[EventDate "2021.01.10"]
[EventType "swiss"]
[EventCountry "ISR"]
[SourceTitle "playchess.com"]
[Source "ChessBase"]
[SourceQuality "1"]

{[%evp 15,49,54,44,42,62,37,116,108,113,118,192,173,318,299,668,664,651,214,207,201,1339,1319,1303,1296,1280,1269,1246,1214,2612,1612,1601,1514,1451,1443,1272,1264]} 1. e4 g6 2. d4 Bg7 3. Nc3 d6 4. Be3 Nf6 5. Qd2 c6 6. Bh6 Bxh6 7. Qxh6 Qa5 8. Bd3 c5 9. d5 {B07: Pirc Defence: Miscellaneous Systems.} Nbd7 10. O-O-O {[#]} c4 $146 ({Black should try} 10... b5 $14 11. Bxb5 Rb8) ({Predecessor:} 10... b5 11. Bxb5 Rb8 12. Bxd7+ Kxd7 13. Nge2 Ng4 14. Qh3 Ke8 15. Qg3 h5 16. f4 g5 {½-½ (50) Vasilev,V (2495)-Schmelz,T (2488) GER email 2018}) 11. Bxc4 $16 {White is better.} Qc5 12. Bb5 Qxf2 {[#]} (12... Ng4 $16 13. Qg7 Rf8) 13. Nf3 $1 $18 Qxg2 {[#]} (13... a6 {was necessary.}) 14. e5 $1 Ng4 (14... Qxf3 15. exf6 Qh5 16. Qxh5 gxh5) 15. Qg7 {[%cal Rg7h8]} Rf8 16. Rde1 $2 Qxf3 17. Rhf1 $40 {[%mdl 128] White attacks with force.} Nf2 $2 (17... Qxf1 18. Bxf1 (18. Rxf1 Ngxe5 19. Ne4 a6 $16) 18... Ngxe5) 18. exd6 {White is clearly winning.} Qf4+ 19. Kb1 Qxd6 20. Rxf2 a6 {[#]} 21. Ne4 $1 Qb6 (21... Qb4 22. Bxd7+) 22. Bxd7+ Bxd7 23. Nf6+ {[%mdl 64] Double Attack} Kd8 24. Qxf8+ Kc7 25. Qxe7 {Black did not feel at home in the position after the opening.  Weighted Error Value: White=0.43/Black=0.99} 1-0

[Event "Israel Championship 2021"]
[Site "Haifa"]
[Date "2021.03.08"]
[Round "2.8"]
[White "Parnes, Nadav"]
[Black "Dvoirys, Semen I."]
[Result "0-1"]
[WhiteElo "2273"]
[BlackElo "2483"]
[Annotator "TA"]
[PlyCount "112"]
[EventDate "2021.01.10"]
[EventType "swiss"]
[EventCountry "ISR"]
[SourceTitle "playchess.com"]
[Source "ChessBase"]
[SourceQuality "1"]

{[%evp 23,112,35,44,0,0,-15,-16,-22,-6,-30,0,-20,23,0,0,-26,23,22,21,16,28,26,36,37,38,27,32,0,0,0,0,0,0,0,0,0,0,0,0,0,0,-62,-54,-60,-60,-56,-38,-67,-38,-74,-64,-306,-288,-1093,-1122,-1122,-1112,-1113,-1113,-1103,-1103,-1052,-1018,-1038,-1052,-1038,-1048,-1038,-618,-602,-531,-29969,-29961,-29971,-29972,-29965,0,-29966,0,-29961,-29962,-29954,-29952,-29970,-29961,-29970,-29973,-29974,-29973,-29973,-5447]} 1. Nf3 c5 2. c4 Nf6 3. g3 b6 4. Bg2 Bb7 5. O-O e6 6. Nc3 Be7 7. Re1 d6 8. e4 a6 9. d4 cxd4 10. Nxd4 Qc7 11. Bg5 O-O 12. Rc1 Nbd7 13. f4 {A30: Symmetrical English: Double Fianchetto and Hedgehog.} Rfe8 {[#]} 14. Rc2 $146 ({Predecessor:} 14. f5 Nf8 15. fxe6 fxe6 16. Qd2 Ng4 17. Bxe7 Rxe7 18. b3 Rd8 19. Rf1 Ne5 20. Rcd1 Bc8 {1-0 (57) Michalik,P (2499)-Sodoma,J (2379) Prague 2013}) 14... h6 (14... Qxc4 $2 15. Nd5 $1 $18) 15. Bh4 {The position is equal.} Rac8 ({But not} 15... Qxc4 $2 16. Nd5 $1 $18 {[%mdl 512]}) 16. b3 Qb8 17. a4 Bf8 18. Rf2 g6 19. Rd2 Rc5 (19... e5 $5 {[%cal Re5d4]} 20. Nc2 exf4 21. gxf4 b5 $11) 20. Nf3 Nh7 21. g4 Ndf6 22. h3 d5 23. exd5 exd5 24. Rxe8 Qxe8 25. Ne5 {Hoping for Bf2.} g5 $1 {[%cal Rg5h4]} 26. Bf2 {[%cal Rc3d5]} gxf4 27. Nd3 dxc4 28. Nxc5 ({Not} 28. Bxc5 $2 Bxc5+ 29. Nf2 Qe3 $1 $19) 28... Bxg2 29. Kxg2 {Black must now prevent Nd7.} bxc5 30. bxc4 Ng5 31. Bh4 Nfe4 32. Bxg5 (32. Qe1 $11 f3+ 33. Kh1) 32... Nxd2 $15 33. Bxf4 Nxc4 34. Qd3 Qe6 35. Nd5 Nb2 36. Qf3 c4 $36 {[%mdl 2048] Black has some pressure.} 37. g5 $2 {[#] Black keeps a firm grip on the game.} (37. Nc7 $15 Qg6 38. Nd5) 37... Nd3 $1 $19 {[%cal Rd3e1] Strongly threatening ...Ne1+.} ({And not} 37... Nxa4 38. Nf6+ Kg7 39. Be3 $11) 38. Nf6+ $2 {[#]} (38. Bd2 hxg5 39. Nf6+ Kg7 40. Nh5+ Kg6 41. Ng3) 38... Qxf6 $3 {[%mdl 512]} 39. gxf6 Ne1+ {[%mdl 64] Double Attack} 40. Kf2 Nxf3 41. Kxf3 {[%mdl 4096] Endgame KB-KB} Kh7 42. Ke4 Kg6 43. Be5 Bb4 44. Kd4 {[#]} c3 $1 45. Kd3 Kf5 46. Bd4 h5 47. h4 Kg4 48. Bf2 Kf3 49. Be3 Kg4 50. Bf2 Kf5 51. Bd4 c2 {Black mates.} 52. Kxc2 Be1 53. Kb3 Bxh4 54. Kb4 Bxf6 55. Bb6 h4 56. Ka5 h3 {Weighted Error Value: White=0.49/Black=0.34} (56... Kf4 $142 57. Bg1 Kg3 58. Kxa6 h3 59. Kb7 Kg2 60. Ba7 h2 61. a5 h1=Q 62. Bc5 Qb1+ 63. Kc6 Qe4+ 64. Kc7 Be5+ 65. Kb6 Bd4 66. Bxd4 Qxd4+ 67. Kc7 Qa7+ 68. Kc6 f5 69. Kb5 f4 70. Kc6 f3 71. Kd5 f2 72. Ke6 f1=Q 73. Kd5 Qd7+ 74. Ke4 Qe2+ 75. Kf4 Qdg4#) 0-1

[Event "Israel Championship 2021"]
[Site "Haifa"]
[Date "2021.03.08"]
[Round "2.9"]
[White "Sokolovsky, Yahli"]
[Black "Lahav, Michal"]
[Result "1/2-1/2"]
[WhiteElo "2472"]
[BlackElo "2216"]
[Annotator "TA"]
[PlyCount "159"]
[EventDate "2021.01.10"]
[EventType "swiss"]
[EventCountry "ISR"]
[SourceTitle "playchess.com"]
[Source "ChessBase"]
[SourceQuality "1"]

{[%evp 19,159,31,33,0,12,0,25,16,25,17,17,13,7,0,0,0,0,0,0,0,0,-12,8,9,15,8,24,10,10,10,19,14,343,87,75,84,105,102,98,101,104,70,63,47,50,51,111,113,112,112,112,22,64,72,80,101,87,86,100,69,67,63,102,97,158,106,91,35,35,35,35,35,35,43,42,35,43,43,75,75,75,11,1,0,91,6,6,0,32,0,0,0,0,0,0,0,4,0,0,0,0,0,0,0,0,0,0,0,0,0,0,0,0,0,0,0,0,0,0,0,0,0,0,0,0,0,9,0,9,0,0,0,0,0,0,0,0,0,0,0,0,0]} 1. e4 {Bellmann} e6 2. d4 d5 3. Nd2 c5 4. exd5 Qxd5 5. Ngf3 cxd4 6. Bc4 Qd6 7. O-O Nf6 8. Nb3 Nc6 9. Nbxd4 Nxd4 10. Nxd4 Be7 11. b3 {C07: French Tarrasch: 3...c5, 4 Ngf3 and 4 exd5 Qxd5.} O-O 12. Bb2 Rd8 13. Qf3 {[#] White has an edge.} Qc7 $146 ({Predecessor:} 13... Qb6 14. Rad1 Bd7 15. Bd3 Rac8 16. c4 Qc6 17. Nxc6 {1-0 (17) Bellmann,H (2166)-Ihlenfeld,E (2137) Germany 1998 Corr 2002 [Bellmann]}) 14. Nb5 Qc6 15. Qxc6 bxc6 16. Nc3 Nd5 17. a3 Bb7 18. Be2 f6 19. Rfd1 e5 20. Rd2 Kf8 21. Rad1 Nc7 22. Rd7 Rac8 23. Ne4 Rxd7 24. Rxd7 Ke8 25. Bg4 {Threatens to win with f3.} g6 $2 {[%mdl 8192] [#]} (25... h5 $1 $11 {and Black stays safe.} 26. Bh3 Rd8 27. Rxd8+ Kxd8) 26. Nd6+ $2 (26. Nxf6+ $1 $18 {[%mdl 512]} Bxf6 27. Rxh7) 26... Bxd6 $16 27. Rxd6 f5 28. Be2 e4 29. f3 Ke7 30. Rd1 (30. Be5 {keeps more tension.} exf3 31. gxf3 Ba6 32. c4 Ne6 33. Kf2) 30... c5 31. Kf2 Ne6 32. Bc4 exf3 (32... Rd8 $14 33. Rxd8 Nxd8) 33. Re1 Rc6 34. gxf3 Rd6 35. Re2 (35. Bc1 $16) 35... Bd5 36. Be5 Rd8 37. Bb5 Kf7 38. Rd2 Ke7 39. a4 h6 40. a5 Ba8 41. Rxd8 Kxd8 {[%mdl 4096] Endgame KBB-KBN} (41... Nxd8 $142 42. Bb8 Nc6 43. Bxc6 Bxc6) 42. c3 ({White should play} 42. Bb8) 42... Bd5 43. Bb8 (43. b4 $16) 43... Bxb3 $14 44. Bxa7 Kc7 45. Bb6+ Kb7 46. Be8 g5 47. Bg6 Bc2 48. Ke1 Ka6 49. Kd2 Bb1 50. Bf7 ({White should try} 50. c4 $16) 50... Ba2 $11 51. Bg6 (51. f4 $11) 51... Bb1 $16 {[#]} 52. Kd1 (52. c4 $1 $16) 52... Bd3 $11 53. Ke1 Bc2 54. Be8 Bb3 {The position is equal.} 55. Bd7 Kb7 (55... Ba2 {keeps more tension.} 56. Kf2 Bb3 57. Kg3 Bd5 58. h4 c4) 56. Bxe6 Bxe6 57. Bxc5 {KB-KB} Ka6 58. Bb4 Kb5 59. Kf2 Bd5 60. Kg3 Bc4 61. f4 g4 62. Kh4 Bf7 63. Kg3 Bd5 64. Kf2 Bb7 65. Kg3 Bd5 66. Kh4 Bf7 67. Bf8 (67. Kg3 {feels hotter.}) 67... Kxa5 68. Bxh6 Bc4 69. Kg5 Bd3 70. Kh4 Kb5 71. Kg3 Kc4 72. Bg7 Be4 73. Kf2 Bb1 74. Ke3 Bc2 75. Bf6 Bb1 76. Kd2 Be4 77. Kc1 Bd3 78. Kb2 Be4 79. Bh4 Bd3 80. Be1 {Black escapes into a draw.  Weighted Error Value: White=0.18/Black=0.20} 1/2-1/2

[Event "Israel Championship 2021"]
[Site "Haifa"]
[Date "2021.03.08"]
[Round "2.10"]
[White "Solomon, Asif"]
[Black "Parkhov, Yair"]
[Result "1/2-1/2"]
[WhiteElo "2356"]
[BlackElo "2407"]
[Annotator "TA"]
[PlyCount "92"]
[EventDate "2021.01.10"]
[EventType "swiss"]
[EventCountry "ISR"]
[SourceTitle "playchess.com"]
[Source "ChessBase"]
[SourceQuality "1"]

{[%evp 24,92,28,12,8,0,1,0,3,-21,-31,-24,-34,-58,0,0,137,125,112,65,194,187,207,202,453,458,457,438,408,-470,-471,-470,-445,-462,-457,-29990,-455,-445,-448,-398,-441,-429,-404,-364,-360,-342,0,0,0,0,0,0,0,0,0,0,0,0,0,0,0,-8,0,-730,-238,-638,0,0,0,0,0]} 1. d4 Nf6 2. c4 g6 3. Nc3 d5 4. cxd5 Nxd5 5. e4 Nxc3 6. bxc3 Bg7 7. Nf3 c5 8. Bb5+ Nc6 9. O-O cxd4 10. cxd4 O-O 11. Be3 Bg4 12. Bxc6 bxc6 13. Rc1 Rc8 {D85: Exchange Grünfeld: Unusual White 7th moves and lines with 7 Nf3.} 14. Qa4 Bxf3 15. gxf3 Qd7 16. d5 Qh3 17. dxc6 Qxf3 18. Rc5 {[#]} e5 $146 (18... Qg4+ $15 19. Kh1 Qf3+ 20. Kg1 Qg4+ 21. Kh1 Qf3+ 22. Kg1) ({Predecessor:} 18... Qg4+ 19. Kh1 Rfd8 20. Qc2 Qf3+ 21. Kg1 Bd4 22. Bxd4 Rxd4 23. Re1 Qg4+ 24. Kh1 Rc7 {1-0 (43) Fuchs,H (2024)-Rohde,F (2223) LSS email 2011}) 19. c7 $11 f5 (19... Qg4+ $11 20. Kh1 Qf3+ 21. Kg1 Qg4+ 22. Kh1 Qf3+ 23. Kg1) 20. exf5 $16 gxf5 21. Qd1 Qh3 (21... Qb7 $1 $14) 22. Kh1 $1 $18 Kh8 23. Rg1 Bf6 $2 (23... f4 24. Bc1 Qe6) 24. Rc6 f4 25. Bc5 Rg8 26. Rxf6 $4 {[%mdl 8192]} (26. f3 $1 $18 Rxg1+ 27. Bxg1) 26... Rxg1+ $19 27. Qxg1 Rg8 28. Qxg8+ Kxg8 {[%cal Rh3f1][%mdl 4096] Endgame KQ-KRB} 29. Rf8+ Kg7 {[%cal Rh3f1]} 30. Kg1 Qg4+ 31. Kf1 {[#]} f3 $1 {( -> ...Qc4+!)} 32. Ke1 Qe4+ 33. Kd2 Qd5+ {[%mdl 64] Double Attack} 34. Ke1 Qc4 $2 ({Stronger than} 34... Qxc5 35. c8=Q $11) (34... Qxa2 $19 {[%csl Gf3][%cal Ra2e2]} 35. Kd1 Qe2+ 36. Kc1 Qc4+ {[%mdl 64] Double Attack} 37. Kd2 Qd5+ 38. Ke1 Qxc5) 35. Kd1 $11 Qd3+ (35... Qxc5 {looks sharper.} 36. c8=Q Qxf8 37. Qg4+ Kh8 38. Qe4 Qd8+) 36. Kc1 Qc3+ 37. Kb1 Qxc5 38. c8=Q Qxf8 {KQ-KQ} 39. Qc7+ Kg6 {White must now prevent ...Qb4+.} 40. Qxa7 Qb4+ 41. Kc2 e4 {aiming for ...Qc4+.} (41... h6 {is more complex.} 42. Kd3 Kf6 43. a4 Ke6 44. a5 Qb5+) 42. Qe3 (42. Qd7 {feels hotter.} Qc4+ 43. Kd2 Qe2+ 44. Kc3 Qe1+ 45. Qd2) 42... Kf5 43. a3 $2 {[%mdl 8192]} (43. h3 $11) 43... Qa4+ $2 (43... Qc4+ 44. Kd2 Kg4) 44. Kd2 $2 {[#]} (44. Kb2 Qb5+ 45. Kc3) 44... Qa5+ $2 (44... Kg4 $1 $19 45. Ke1 Qc6) 45. Kd1 Qd5+ 46. Ke1 $1 Qa5+ {Both players deserved the win here.  Weighted Error Value: White=0.54/Black=0.67} 1/2-1/2

[Event "Israel Championship 2021"]
[Site "Haifa"]
[Date "2021.03.08"]
[Round "2.11"]
[White "Ben Ari, Yannay"]
[Black "Iliaguev, Nisim"]
[Result "1/2-1/2"]
[WhiteElo "2403"]
[BlackElo "2332"]
[Annotator "TA"]
[PlyCount "61"]
[EventDate "2021.01.10"]
[EventType "swiss"]
[EventCountry "ISR"]
[SourceTitle "playchess.com"]
[Source "ChessBase"]
[SourceQuality "1"]

{[%evp 9,61,58,56,57,68,41,39,33,41,43,54,30,58,43,43,43,41,43,46,22,39,35,42,37,44,43,38,29,30,29,31,21,22,29,27,14,33,24,33,37,36,30,30,34,39,25,20,10,16,-24,-38,-20,-32,-78]} 1. c4 c5 2. Nf3 g6 3. d4 Bg7 4. e4 d6 5. d5 Nf6 6. Bd3 {A40: Unusual replies to 1 d4.} Bg4 7. Nbd2 O-O 8. h3 {White is slightly better.} Bxf3 9. Nxf3 {[#]} a6 $146 ({Predecessor:} 9... e6 10. O-O exd5 11. cxd5 Nh5 12. a4 Nd7 13. Ra3 Rc8 14. Bc4 Nb6 15. Qc2 Rc7 {½-½ (47) Ovod,E (2366)-Kovchan,A (2513) Cappelle-la-Grande 2006}) 10. a4 Nbd7 11. a5 e6 12. O-O exd5 13. exd5 Re8 14. Qc2 Qc7 15. Bd2 Re7 16. Rae1 Rae8 17. Rxe7 Rxe7 18. Rb1 Ne5 19. Nxe5 Rxe5 20. g3 Nd7 21. h4 Re7 22. Kg2 Ne5 23. h5 Qd7 24. Be2 Ng4 25. Bf4 Bd4 26. Rf1 Ne5 27. Bg5 {Threatens to win with hxg6.} Re8 28. hxg6 hxg6 29. Bf6 {[#] Threatening mate with Rh1.} Nf3 $1 30. Bxf3 {Strongly threatening Bxd4.} Bxf6 31. Qd2 {Weighted Error Value: White=0.07/Black=0.04} 1/2-1/2

[Event "Israel Championship 2021"]
[Site "Haifa"]
[Date "2021.03.08"]
[Round "2.12"]
[White "Smirin, Ilia"]
[Black "Kraus, Ohad"]
[Result "0-1"]
[WhiteElo "2614"]
[BlackElo "2363"]
[Annotator "TA"]
[PlyCount "80"]
[EventDate "2021.01.10"]
[EventType "swiss"]
[EventCountry "ISR"]
[SourceTitle "playchess.com"]
[Source "ChessBase"]
[SourceQuality "1"]

{[%evp 10,80,18,16,14,16,2,0,10,0,10,0,9,10,18,-31,-10,-10,0,-26,-8,-35,-23,-22,-8,-22,-31,-1,0,0,-6,0,0,8,30,19,33,36,55,64,81,78,89,0,0,0,67,89,81,61,50,51,116,108,114,104,65,0,0,0,0,0,0,0,0,0,0,-542,-465,-1131,-1079,-29988,-2208]} 1. e4 c5 2. Nf3 d6 3. d4 cxd4 4. Nxd4 Nf6 5. Nc3 a6 6. Nb3 g6 {B90: Sicilian Najdorf: Unusual White 6th moves, 6 Be3 Ng4 and 6 Be3 e5.} 7. Be2 Nc6 8. g4 Bg7 {The position is equal.} 9. g5 Nd7 10. h4 b5 11. h5 Bb7 {[#]} 12. Nd5 $146 ({Predecessor:} 12. hxg6 hxg6 13. Rxh8+ Bxh8 14. Be3 Bxc3+ 15. bxc3 Nb6 16. c4 Nxc4 17. Bxc4 bxc4 18. Nd2 Qa5 19. Rb1 Bc8 20. Rb6 Bd7 21. Qa1 Qe5 {½-½ (21) Groszpeter,A (2444)-Horvath,Z (2415) Hungary 2017}) 12... e6 13. Ne3 Qc7 ({Don't blunder} 13... Qxg5 $2 14. Nf5 $1 $18 {[%mdl 512]} (14. Qxd6 Be5 $15)) 14. h6 Bf8 15. a4 b4 16. f4 Be7 17. O-O Nc5 18. Bf3 Nxb3 19. cxb3 O-O 20. Ng4 f5 21. gxf6 Bxf6 22. Nxf6+ Rxf6 23. Be3 Rf7 24. Qd2 Qe7 25. Rad1 Rd8 26. Qh2 (26. Bb6 $16 Rd7 27. Bg4) 26... Rdf8 $11 27. Qg3 Kh8 ({Black should try} 27... e5 $1 $11 28. f5 Kh8) 28. Be2 $14 Re8 29. Rd2 d5 30. Rc1 dxe4 {[#]} (30... Qd6 $14) 31. Bxa6 $1 $16 {[%mdl 512]} Bxa6 32. Rxc6 Bd3 33. Bd4+ ({White should play} 33. Qg5 $14 Qxg5+ 34. fxg5) 33... Kg8 $11 {aiming for ...Qd7.} 34. Qg5 Qxg5+ 35. fxg5 {Black must now prevent Bf6.} e5 36. Bc5 Rf5 37. Rg2 e3 $36 {[%mdl 2048] Black has the initiative.} 38. Rf6 $2 {[%mdl 8192]} ({Reject} 38. Bxb4 Rf1+ 39. Kh2 Be4 $19) (38. Bxe3 $11 {and White has nothing to worry.} Rf1+ 39. Kh2) 38... e2 $19 39. Bf2 (39. Bxb4 $142 Rf1+ 40. Kh2) 39... Rc8 {Hoping for ...Rxf2!} 40. Rd6 {[#]} Be4 {Weighted Error Value: White=0.60/Black=0.08} (40... Rxf2 $142 $1 {[%mdl 512]} 41. Kxf2 {[#]} Rc1 $1 42. Rd8+ Kf7 43. Ke3 e1=Q+ 44. Kxd3 Rd1+ 45. Kc4 Rxd8 46. Kb5 Rb8+ 47. Kc6 Qe4+ {[%mdl 64] Double Attack} 48. Kc7 Rb7+ 49. Kd6 Rb6+ 50. Kd7 Qc6+ 51. Kd8 Rb8#) 0-1